|
|
|
|
| LEADER |
00000nam2a2200000 4500 |
| 001 |
111610 |
| 005 |
20231031120925.0 |
| 010 |
|
|
|a 5866060108
|
| 035 |
|
|
|a (RuTPU)RU\TPU\book\120542
|
| 035 |
|
|
|a RU\TPU\book\109387
|
| 090 |
|
|
|a 111610
|
| 100 |
|
|
|a 20070317d1992 m y0rusy50 ca
|
| 101 |
1 |
|
|a rus
|c ger
|
| 102 |
|
|
|a RU
|
| 105 |
|
|
|a a z 000ay
|
| 200 |
0 |
|
|a Т. 6: Время жить и время умирать
|
| 210 |
|
|
|d 1992
|
| 215 |
|
|
|a 320 с.
|c ил.
|
| 461 |
|
1 |
|0 (RuTPU)RU\TPU\book\73918
|t Собрание сочинений
|o в 11 т.
|o пер. с нем.
|f Э. М. Ремарк
|v Т. 6: Время жить и время умирать
|d 1991-
|
| 600 |
|
1 |
|a Ремарк
|g Эрих Мария
|b Э. М.
|c немецкий писатель
|f 1898-1970
|2 stltpui
|3 (RuTPU)RU\TPU\pers\1594
|
| 610 |
1 |
|
|a художественная литература
|
| 610 |
1 |
|
|a немецкая литература
|
| 610 |
1 |
|
|a войны
|
| 675 |
|
|
|a 83
|v 3
|
| 801 |
|
1 |
|a RU
|b 63413507
|c 20041026
|g PSBO
|
| 801 |
|
2 |
|a RU
|b 63413507
|c 20180514
|g PSBO
|
| 942 |
|
|
|c BK
|